000 00705nam a22001817a 4500
999 _c15188
_d15188
003 OSt
082 _2631.587 EUG/FE
088 _aT 176
100 _aEUGINE SPICER J
_93392
245 _aFeasibility studies on the use of precision porous pipes for subsurface irrigation
260 _aTavanur 2007
_bDepartment of Irrigation and Drainage Engineering
300 _a92
500 _aFeasibility studies on the use of precision porous pipes for subsurface irrigation
520 _aFeasibility studies on the use of precision porous pipes for subsurface irrigation
700 _aEr. Levan K. V (Guide)
_93393
856 _uhttps://drive.google.com/open?id=1Z37NI7EUiBD4QEnMTK44nbI7n_DDnCyv
942 _cTH